000 00432nam a2200157Ia 4500
008 180921t xxu||||| |||| 00| 0 sin d
041 _asin
080 _a613.88
_bVIS
245 _aවිසිරුනු මල් පෙති මලක් නොවෙි
246 _aVisirunu mal pethi malak nove
300 _a8p., 14*10 cm
650 _aSexology
942 _cBK
999 _c17988
_d17988
003 LK-CoDNM
040 _aLK-CoDNM
_dLK-CoDNM
_eLK-CoDNM